| 000 | 00524nam a22002057a 4500 | ||
|---|---|---|---|
| 005 | 20251108174730.0 | ||
| 008 | 250721s2003 xx 000 0 eng d | ||
| 082 | 1 | 4 | _a305.4/ATI |
| 100 | 1 | _aal - atiyat, ibtesam | |
| 245 | 1 | 4 | _athe women's movement in jordan : activism , discourses , and strategies / |
| 264 | 1 |
_aعمان : _c2003. |
|
| 300 | _a221P. | ||
| 650 | 1 | 7 | _aWOMEN ROLE |
| 650 | 1 | 7 | _aCIVIL |
| 650 | 1 | 7 | _aJORDAN |
| 650 | 1 | 7 | _aSOCIETY |
| 650 | 1 | 7 | _aPOLITICAL LIFE |
| 942 |
_2ddc _cREF |
||
| 999 |
_c116605 _d116605 |
||